Quizzes
Events
Quiz Creation
Community
Videos
Private Events
Remove Ads
Sign In
Join for FREE
Feedback
Dark Mode
Quiz Categories
Sports
Geography
Music
Movies
Television
Just For Fun
Miscellaneous
History
Literature
Language
Science
Gaming
Entertainment
Religion
Holiday
For Kids
Quiz Lab
Recent
Popular Today
Quiz Kudos Today
Editor Picks
Curator Picks
Quizzes by...
Day
Popularity
Type
Ratings
Length
Year
Community
Subscriptions
Recent Discussions
Orange Saloon
Badges
Playlists
Quests
Create
Leaderboards
Showdown
Live 5
Trivia Bingo
Activity
Puzzle Library
Sporcle Events
Private Events
Virtual Trivia
Globe League
Become a Host
Pub Owners
SporcleCon
Opinionation
Our Games
Videos
Blog
Mobile Apps
Partnerships
Remove Ads and Go Orange
Feedback
Sports
Athletes
MLB
NBA
NHL
NFL
Soccer
Sports Teams
WWE
NCAA
Football
Premier League
Basketball
Baseball
Hockey
Golf
Tennis
Cricket
Rugby
Auto Racing
Olympics
World Cup
Sports
Athletes
MLB
NBA
NHL
NFL
Soccer
Sports Teams
WWE
NCAA
Football
Premier League
Basketball
Baseball
Hockey
Golf
Tennis
Cricket
Rugby
Auto Racing
Olympics
World Cup
Random Quiz
Search Sporcle
×
Quiz Lab
Quiz Lab
Sports
College
Type in answers that appear in a list
Type in answers that appear in a list
Classic
Best Score? Go Orange.
McDonald's All-American Recruits per College Stats
Can you name the colleges with the all-time most McDonald's All-American Recruits?
By
speilbrick
8m
68 Questions
726 Plays
726 Plays
726 Plays
Comments
Comments
Give Quiz Kudos
Give Quiz Kudos
-
- Ratings
hide this ad
More Info
Replay
Link that replays current quiz
Next Quiz
Link to next quiz in quiz playlist
You Got
0%
They Got
Avg Score
51%
Avg Friend Score
Upgrade to see
Score Distribution
Jump to the score distribution portion of the page
Score
0/68
Timer
08:00
0
Plays Today
Number
College
% Correct
71
Duke
94.6%
74
North Carolina
93.4%
56
Kentucky
90.1%
41
UCLA
85.8%
42
Kansas
83.9%
18
Michigan
80.3%
17
Florida
78.8%
19
Texas
76.4%
17
Michigan St
75.3%
25
Indiana
74%
18
Syracuse
73.4%
23
Arizona
72.6%
18
Ohio St
67.8%
21
Louisville
67.5%
11
Georgetown
66.3%
12
Florida State
64.9%
11
Georgia
64.5%
13
NC St
64.5%
11
Virginia
63.5%
17
Villanova
63.4%
5
Oregon
62.9%
11
Connecticut
62.1%
6
Oklahoma
61.3%
6
Washington
61.3%
9
Alabama
60.6%
17
Maryland
59%
19
LSU
58.3%
13
Illinois
57.3%
9
Tennessee
56.2%
9
Iowa
54.8%
18
Georgia Tech
53.9%
8
Wake Forest
53%
7
California
52.6%
12
Arkansas
52.1%
Number
College
% Correct
16
Notre Dame
51.4%
3
Kansas St
51.1%
7
Oklahoma St
51.1%
6
Purdue
50.8%
11
UNLV
50%
12
St. Johns
49.6%
4
Arizona St
47.5%
5
Missouri
46.7%
4
South Carolina
46.6%
5
Clemson
46.4%
5
Pittsburgh
46.1%
5
Gonzaga
46%
15
Memphis
45.9%
8
Stanford
45.9%
4
Utah
44.2%
6
Minnesota
44.1%
3
Oregon St
42.7%
9
Cincinnati
41%
3
Colorado
40.9%
5
Marquette
40.8%
3
Texas A&M
39.8%
3
Baylor
36.1%
5
Seton Hall
32.9%
5
BYU
32.6%
4
Providence
32.5%
5
Temple
31.4%
8
DePaul
30.9%
3
Houston
30.7%
3
Miami
24%
3
Rutgers
23.3%
9
Southern California
12.4%
4
Rhode Island
12.3%
3
Fresno St
10.1%
4
Pepperdine
4.4%
Quiz Playlist
Details
Report
Send in Message
Add To Playlist
More Info:
Minimum 3 members per school. Updated 1/08/2020
Classic:
Type in answers that appear in a list
Quiz Source
Last Updated: Jan 8, 2021
Quiz Scoreboard
CHALLENGE
Sign Up to Join the Scoreboard
Show All
Scores
Hide
Comments
May contain spoilers
Recently Published
An Introduction to Baseball
by treessimontrees
Sports
5m
Movies - When Are They Set?
by FPL_Elf
Movies
5m
Popular People in 1961
by mucciniale
History
6m
More to Explore
Quiz From the Vault
Featured Blog Post
Where Did the Easter Bunny Come From?
hide this ad
You Might Also Like...
Tags
Basketball Quiz
College Quiz
NCAA Quiz
University Quiz
All-American
College Sports
McDonalds
NCAA Basketball
Recruiting
Today's Top Quizzes in Sports
Browse Sports
hide this ad
Today's Top Quizzes in College
Browse College
Top Contributed Quizzes in Sports
1
Les meilleurs buteurs des matchs entre le PSG et l’OM
2
2022 World Cup Stars
3
FIFA Club World Cup Champions
4
Les entraîneurs de l'OM et du PSG au 21e siècle
5
Name the Premier League winners with different clubs
6
La finale Lions - Afrique du Sud 2021
7
England Test cricketers to play under Nasser Hussain
8
5-to-1: UK Sports Teams
9
Les joueurs passés par le LOSC et le RC Lens
10
Criteria MLB: Left Handed Sluggers
Explore More
Trending Topics
Harry Potter
NBA
Anime
Marvel
Crossword
Kpop
Disney
Song
WWE
Country
Puzzle
NFL
The Office
Pokémon
Soccer
hide this ad
More By:
speilbrick
Quiz
Plays
Rating
Category
Featured
Created
McDonald's All-American Recruits per College
726
1.00
Sports
Nov 29, 2011
Kentucky Wildcats Men's Basketball Opponents
407
5.00
Sports
Nov 19, 2011
Films of David Lean
105
5.00
Movies
Dec 2, 2011
Kentucky Wildcats All-Time Leading Scorers
32
Sports
Jan 4, 2021
Go to Creator's Profile
Score Distribution
Quiz Creator Spotlight
speilbrick
Follow
Send a Message
Quizzes Created
-
Created Quiz Play Count
-
More By This Creator
Popular Quizzes Today
1
Find the Countries of Europe - No Outlines Minefield
2
Find the US States - No Outlines Minefield
3
The Countries of the World
4
Popular People in 1961
5
Find the US States
6
US States
7
1-10 Letter E Words III
8
Risky Map Clicking: Biggest States A-Z
More Sports Quizzes
Top Most Expensive Transfers of 2021/22
Quiz Lab
Trending Quizzes
Risky Map Clicking: Least Populous States A-Z
1-10 Letter F Words
1-10 Letter G Words
One Thing in Common: United Kingdom
Risky Map Clicking: Next State Alphabetically
Recently Updated
Leaping Animals
pecheneg
Reality TV Shows (A-Z)
bhenderson79
Rickey Henderson's Hall of Fame Teammates
pecheneg
Champions League XIs: Arsenal
pecheneg
Quick Pick: Celebrities in WWE's Hall of Fame
aduchscher
A-Z Keypad Blitz II
pecheneg
Multiple Oscar Actors
pecheneg
Mystery Phrase Blitz: Oscar 'Best Actors'
pecheneg
F. Scott Fitzgerald Novels
LTH
Pick 3 Villains
ddd62291
Trending Topics
Anime
NBA
Marvel
Harry Potter
Kpop
Crossword
Disney
Country
Puzzle
NFL
Pokémon
WWE
Song
Soccer
The Office
Your Account Isn't Verified!
In order to create a playlist on Sporcle, you need to verify the email address you used during registration. Go to your
Sporcle Settings
to finish the process.
Report this User
Report this user for behavior that violates our
Community Guidelines
.
Details:
Send Report
Go to the Sporcle.com Mobile Site →
Comments